00980cam a2200241 a 450000100100000000500170001000800410002704000230006808200180009110000270010924500610013626000680019730000210026549000340028650400320032065000560035265000600040865000590046883000410052791000340056895201210060299900150072300000640620200929153928.0791005s1965 ag b 001 f spa  aDO-SdBNPcDLCdDLC a863.09bA658n1 aAra, Guillermo.91780813aLa novela naturalista hispanoamericana /cGuillermo Ara. aBuenos Aires :bEditorial Universitaria de Buenos Aires,c1965. a103 p. ;c20 cm.0 aCuadernos de EUDEBA,vno. 144 aBibliografía: p. 101-103. 4aNovela hispanoamericanaxHistoria y crítica99768 4aLiteratura hispanoamericanaxHistoria y crítica96273 4aLiteratura latinoamericanaxHistoria y crítica95706 0aCuadernos de EUDEBA,vno. 144917809 aCatalogación por copia / LC 001052708MOaGRbGRcCTd2009-08-28iLF1l0o863.09 A658np6406-10r2020-06-25w2020-06-25y2ZPréstamo interno c6201d6201